Statistics for The Odyssey Character Quiz

Click here to take the quiz!

General Stats

  • This quiz has been taken 774 times
  • The average score is 13 of 25

Answer Stats

HintAnswer% Correct
The main hero; wants to get home to his wife and sonOdysseus
99%
The wife of the above; has been avoiding remarriage for yearsPenelope
92%
An immortal goddess who lives alone on an island; kept the main hero captive for many yearsCalypso
84%
The son of the above; thinks his father is deadTelemachus
82%
A demi-goddess who also lives on an island; turns the hero's crew into pigsCirce
81%
Goddess of wisdom and warfare; helps the hero throughoutAthene
74%
God of the oceans; tries to kill the hero as revenge for him blinding his sonPoseidon
74%
God of travel, thievery, messengers etc.; acts as Zeus' messenger and helps the hero a few timesHermes
67%
A group of insolent, rude young men; have been trying to court the hero's wife for many yearsThe Suitors
66%
Son of the above; is a monstrous cyclops who eats some of the hero's crewPolyphemus
61%
Most beautiful woman in the world; recovered from Troy and happily reunited with her real husbandHelen
55%
The most powerful Greek warrior at Troy; a ghost in the underworldAchilles
48%
A former king of Mycenae who went to Troy but was murdered by his wife at home; a ghost in the underworldAgamemnon
48%
Leader of the suitors; is the most rude and is the first to dieAntinous
48%
A mortal princess who discovers the hero by a riverNausicaa
48%
The greatest Greek hero of all time who completed 12 labours; a ghost in the underworldHeracles
45%
The father of the above; king of Scherie who hosts the heroAlcinous
39%
Former nurse of the hero; recognises him by a scar on his legEurycleia
37%
Brother of the above, still alive; happily remarried to the belowMenelaus
35%
Loyal swineherd who serves in the hero's palaceEumaeus
32%
King of Pylos who went to Troy; tries to help the hero's sonNestor
30%
A minor sea goddess; aids the hero by giving him a veil to prevent him from drowningIno
28%
The mother of the hero; now a ghost in the underworldAnticleia
20%
A bard who serves at the palace of the Phaeacian king; sings about Troy and the extramarital affair of the goddess Aphrodite with AresDemodocus
17%
A loyal cowherd who served in the hero's palacePhiloetius
13%

Score Distribution

Percentile by Number Answered

Percent of People with Each Score

Your Score History

You have not taken this quiz